Word Ladder: Romney's Pick Quiz Stats

 Plays Quiz Updated Aug 23, 2012

Support Sporcle.
Go Orange.
Score 0/20 Timer 02:00
0 Plays Today
Hint Answer % Correct
To be unsuccessfulFAIL
96.4%
Small bucketPAIL
95.6%
Disney's namesakeWALT
93.6%
Supper or brunchMEAL
92.2%
Natural showerRAIN
92.2%
Blood's channelVEIN
91.6%
Calf's meatVEAL
91.6%
BarrierWALL
90.7%
Pride before thisFALL
89.5%
NarcissisticVAIN
89.4%
Hint Answer % Correct
Mathematical averageMEAN
89.2%
Obscuring face-clothVEIL
89.2%
AnticipateWAIT
87.1%
LureBAIT
78.7%
Handhold for slippery slopesRAIL
78.3%
Romney's mate, with lastPAUL
76.1%
Offer aid, with 'out'BAIL
71.6%
Sound of lamentationMOAN
68.2%
Romney's mate, with firstRYAN
66.6%
Coat color, for horsesROAN
61.8%

Today's Daily Dose

Word Ladder
ING Words

Get the Picture
Nearest Volcano

From the Vault

Three Movies: 'L' Actors

by aquascape

Movies 7m
These people look like likely candidates for a movie quiz of this genre.
Remove Ads.
Support Sporcle.
Get the best of Sporcle when you Go Orange. This ad-free experience offers more features, more stats, and more fun while also helping to support Sporcle. Thank you for becoming a member.

Show Comments

Extras

Top Quizzes Today


Score Distribution

Your Account Isn't Verified!

In order to create a playlist on Sporcle, you need to verify the email address you used during registration. Go to your Sporcle Settings to finish the process.

Report this User

Report this user for behavior that violates our Community Guidelines.

Details: